| 000 | 00674nam a2200193 4500 | ||
|---|---|---|---|
| 001 | 143118 | ||
| 003 | ES-MaACL | ||
| 005 | 20260213172534.0 | ||
| 007 | t| | ||
| 008 | 070214s1960 sp r ||||1| cat d | ||
| 100 | 1 |
_aSelva y Vives, José. _9105358 |
|
| 245 | 1 | 2 |
_aL'escultor Joan Rebull / _cJosep Selva i Vives ; práoleg de Joan Ainaud de Lasarte. |
| 260 |
_aReus : _bAsociación de Estudios Reunenses, _c1960 ( _fMitjau) |
||
| 300 |
_a93 p., 5 h., 3 lám. col., 26 lám. ; _c25 cm. |
||
| 700 | 1 |
_aAinaud de Lasarte, Joan, _d1919-1995 _918980 |
|
| 710 | 0 | 0 |
_aAsociación de Estudios Reusenses. _91590 |
| 852 |
_aES-MaACL _jC-18921 _bR.47073 |
||
| 999 |
_c143118 _d143118 |
||